1377 1540 1803 1729 1106 1487 1714 1762 1815 1536 1207 1918 1362 1772 1681 1379 1402 1823 1405 1768 1705 1499 1142 1638 1832 1038 1021 1456 1455 1789 1341 1194 1087 1947 1568 1004 1970 1692 1765 1069 1503 1636 1063 1909 1320 1654 1865 1403 1865 1446 1064 1706 1956 1145 1727 1317 1321 1755 1044 1903 1360 1024 1405 1177 1777 1702 1074 1875 1806 1751 1234 1762 1020 1941 1179 1428 1400 1765 1880 1073 1566 1498 1184 1671 1392 1521 1489 1181 1800 1574 1965 1519 1455 1169 1226 1993 1018 1433 1863 BCNSPRNW ULIB Ver.6.0+V

เปลี่ยนเป็นภาษาไทย

Change to English
 แสดงรายละเอียดบรรณานุกรม
  กลับหน้าหลัก

Brief Record : Get Marc (ISO 2709) : E-mail record : QR code < ปิดหน้าต่าง
LEADER : 00000nam 2200000uu 4500
001    13399123207
003     ULIB
008    020711s2551 th a 000 0 tha d
020    9789744263438
090    นว.^bอ727อ
100    อิทธิพล คมขำ
245    อนาคตกำหนดรัก /^cอิทธิพล คมขำ
260    กรุงเทพฯ :^bLemongreen,^c2551
300    272 หน้า;^b21 ซม.
710    Lemongreen
945    ^p199^l0^i20343
999    ^aทศพร เกษรทอง
รายการนี้ยังไม่มีแท็ก
คุณยังไม่ได้ล็อกอิน คุณสามารถมีกิจกรรมร่วมกับเว็บไซต์ได้ แต่ต้องล็อกอินก่อน ::
  ล็อกอิน

รายการสื่อสารสนเทศ

ลำดับที่ ประเภท เลขเรียก/บาร์โค้ด สถานที่ สถานะ
1. นวนิยาย
นวนิยาย
นว. อ727อ ฉ.1 
  Barcode: 20343
ห้องสมุดวิทยาเขตนครสวรรค์
►นวนิยาย:l:Fiction
บนชั้น

BibComment


ยังไม่เคยถูกคอมเมนท์

คอมเมนท์ทรัพยากรรายการนี้
  คอมเมนท์: อนาคตกำหนดรัก อิ..


 Copyright 2026. Bcnsprnw @Library